Academic Encounters Reading, Study, Skills, Writing , Teacher´s Manual Content Focus Human Behavior
Enregistré dans:
| Auteur principal: | |
|---|---|
| Format: | Livre |
| Langue: | anglais |
| Publié: |
Cambridge
University Press
1997
|
| Sujets: | |
| Accès en ligne: | Voir à l'OPAC |
| Tags: |
Pas de tags, Soyez le premier à ajouter un tag!
|
MARC
| LEADER | 00000nam a2200000 a 4500 | ||
|---|---|---|---|
| 005 | 20260127134135.0 | ||
| 008 | 080911 2008 an 000 0 eng d | ||
| 020 | |a 0521476607 | ||
| 035 | |a vtls009332691 | ||
| 039 | 9 | |y 200809110831 |z mschk03 | |
| 040 | |a STUSCHK1 |b slo |c STUSCHK1 |e AACR2 | ||
| 080 | |a 802.0 | ||
| 100 | 1 | |a Seal, Bernard | |
| 245 | 1 | |a Academic Encounters Reading, Study, Skills, Writing , Teacher´s Manual |b Content Focus Human Behavior |c Bernard Seal | |
| 260 | |a Cambridge |b University Press |c 1997 | ||
| 300 | |a xii, 88 p. |b ill. |c 25 cm | ||
| 650 | 0 | |a English language | |
| 650 | 0 | |a Human behavior | |
| 910 | |a SCHK95 | ||
| 919 | |a 0-521-47660-7 | ||
| 999 | |c 5025 |d 5025 | ||